000
00222nam a2200085Ia 4500
245
0
_a
Ancient Africa
100
_a
Bowden, Rob, , 1973- London, 2009
_9
85737
942
_c
BK
008
210817s9999 xx 000 0 und d
999
_c
322122
_d
322121